| 000 | 00547nam a2200181Ia 4500 | ||
|---|---|---|---|
| 999 |
_c11227 _d11227 |
||
| 003 | OSt | ||
| 005 | 20191231104027.0 | ||
| 008 | 190216s9999||||xx |||||||||||||| ||und|| | ||
| 020 | _a9788191064247 | ||
| 040 | _coclc | ||
| 082 |
_a338 _bCHA/B |
||
| 100 |
_aChaturvedi, D D _9476 |
||
| 245 | 0 |
_aBusiness Economics Theory & Applications / _c D D Chaturvedi ; S L Gupta |
|
| 260 |
_bInternational Book House Pvt Ltd, _c2013. _aNew Delhi: |
||
| 300 | _a576p | ||
| 650 | _aEconomics | ||
| 942 |
_cBK _2ddc _h338 _iCHA/B _k338 _mCHA/B |
||